000 01016cam a2200289 a 4500
001 725519
003 OSt
005 20230620112215.0
008 980325s1998 enk b 000 0 eng
010 _a 98017038
020 _a1859848982 (cloth)
040 _aDLC
_cDLC
_dDLC
041 1 _aeng
_hger
082 0 0 _a320.53
_bMAR
100 1 _aMarx, Karl,
_d1818-1883.
240 1 0 _aManifest der Kommunistischen Partei.
_lEnglish
245 1 4 _aThe Communist manifesto :
_ba modern edition /
_cKarl Marx and Frederick Engels ; with an introduction by Eric Hobsbawm.
260 _aLondon ;
_aNew York :
_bVerso,
_c1998.
300 _a87 p. ;
_c20 cm.
504 _aIncludes bibliographical references.
650 0 _aCommunism.
700 1 _aEngels, Friedrich,
_d1820-1895.
700 1 _aHobsbawm, E. J.
_q(Eric J.),
_d1917-2012.
906 _a7
_bcbc
_corignew
_d1
_eocip
_f19
_gy-gencatlg
942 _2ddc
_cBK
999 _c1636
_d1636